| 000 | 01828nam a2200457 i 4500 | ||
|---|---|---|---|
| 001 | 23021 | ||
| 003 | KOSZ 005 | ||
| 005 | 20240405063032.0 | ||
| 008 | 200605s1985 pl a g f 001 0 pol d | ||
| 040 |
_aKOSZ 005 _cKOSZ 005 _dKOSZ 005/RW |
||
| 045 |
_bd1918 _bd1920 |
||
| 046 | _k1985 | ||
| 080 | _a355.1(438) | ||
| 080 | _a94(438).081 | ||
| 245 | 0 | 0 |
_aWojsko Wielkopolskie 1919 r. : _bwybór dokumentów wojskowych. _nCz. 1, _pRozwój organizacyjny i zjednoczenie z Wojskiem Polskim (marzec - listopad 1919 r.) / _cwstęp, wybór i opracowanie Bogusław Polak ; Wyższa Szkoła Inżynierska w Koszalinie. |
| 246 | 1 | 4 |
_aWojsko Wielkopolskie 1919 r. : _bwybór źródeł |
| 260 |
_aKoszalin : _bWydawnictwo Uczelniane Wyższej Szkoły Inżynierskiej, _c1985. |
||
| 300 |
_a300, [10] stron : _bilustracje ; _c23 cm. |
||
| 336 |
_aTekst _btxt _2rdacontent |
||
| 337 |
_aBez urządzenia pośredniczącego _bn _2rdamedia |
||
| 338 |
_aWolumin _bnc _2rdacarrier |
||
| 380 | _aKsiążki | ||
| 380 | _aPublikacje naukowe | ||
| 388 | _a1901-2000 | ||
| 388 | _a1945-1989 | ||
| 504 | _aIndeks. | ||
| 648 | 7 | _a1901-2000 | |
| 648 | 7 | _a1918-1939 | |
| 650 | 7 | _aWojsko | |
| 650 | 7 | _aPowstanie wielkopolskie (1918-1919) | |
| 651 | 7 | _aPolska | |
| 651 | 7 | _aWielkopolska | |
| 655 | 7 | _aWydawnictwo źródłowe | |
| 658 | _aHistoria | ||
| 658 | _aBezpieczeństwo i wojskowość | ||
| 700 | 1 |
_aPolak, Bogusław _d(1945-) _eOpracowanie |
|
| 710 | 2 |
_aWydawnictwo Uczelniane (Wyższa Szkoła Inżynierska ; Koszalin) _4pbl |
|
| 856 |
_uhttp://koha.tu.koszalin.pl/cgi-bin/koha/opac-detail.pl?biblionumber=23021 _yKatalog online BPK |
||
| 856 |
_uhttp://dlibra.tu.koszalin.pl/dlibra/docmetadata?id=1251&from=latest _yBiblioteka Cyfrowa |
||
| 942 |
_2UKD _cKS |
||
| 999 |
_c23021 _d23021 |
||